000 00395nam a2200145Ia 4500
008 230917s9999||||xx |||||||||||||| ||und||
040 _e73795
_aMAIN
041 _aEnglish
082 _a658.5 H784R
100 _aHornbruch, Frederick W
245 0 _aRaising productivity: ten case histories and their lessons
260 _aNew York
_bMcGraw-Hill
_c1977
300 _axii, 339 p.
942 _cBK
999 _c219072
_d219072